<?xml version="1.0" encoding="UTF-8"?>
<record
    xmlns:xsi="http://www.w3.org/2001/XMLSchema-instance"
    xsi:schemaLocation="http://www.loc.gov/MARC21/slim http://www.loc.gov/standards/marcxml/schema/MARC21slim.xsd"
    xmlns="http://www.loc.gov/MARC21/slim">

  <leader>00754cam a22002411  4500</leader>
  <controlfield tag="001">ne 64002712 </controlfield>
  <controlfield tag="003">DLC</controlfield>
  <controlfield tag="005">20260227111806.0</controlfield>
  <controlfield tag="008">821201m19641965ua            000 0 ara  </controlfield>
  <datafield tag="010" ind1=" " ind2=" ">
    <subfield code="a">ne 64002712 </subfield>
  </datafield>
  <datafield tag="025" ind1=" " ind2=" ">
    <subfield code="a">PL480:UAR-4661</subfield>
  </datafield>
  <datafield tag="035" ind1=" " ind2=" ">
    <subfield code="a">(OCoLC)9007240</subfield>
  </datafield>
  <datafield tag="040" ind1=" " ind2=" ">
    <subfield code="a">DLC</subfield>
    <subfield code="c">TU</subfield>
    <subfield code="d">TU</subfield>
    <subfield code="d">DLC</subfield>
  </datafield>
  <datafield tag="042" ind1=" " ind2=" ">
    <subfield code="a">premarc</subfield>
  </datafield>
  <datafield tag="050" ind1="0" ind2="0">
    <subfield code="a">B753.G33</subfield>
    <subfield code="b">T532</subfield>
  </datafield>
  <datafield tag="100" ind1="0" ind2=" ">
    <subfield code="a">Averro&#xEB;s,</subfield>
    <subfield code="d">1126-1198.</subfield>
  </datafield>
  <datafield tag="245" ind1="1" ind2="0">
    <subfield code="a">Tah&#x101;fut al-tah&#x101;fut</subfield>
    <subfield code="c">Lil-Q&#x101;&#x1E0D;&#x12B; Ab&#x12B; al-Wal&#x12B;d Mu&#x1E25;ammad ibn Rushd Ta&#x1E25;q&#x12B;q Sulayman Duny&#x101;.</subfield>
  </datafield>
  <datafield tag="250" ind1=" " ind2=" ">
    <subfield code="a">al-Tab&#x2BB;ah al-&#x2BC;&#x16B;l&#x101;</subfield>
  </datafield>
  <datafield tag="260" ind1=" " ind2=" ">
    <subfield code="a">[al-Q&#x101;hirah]</subfield>
    <subfield code="b">D&#x101;r al-Ma&#x2BB;&#x101;rif,</subfield>
    <subfield code="c">1964-65.</subfield>
  </datafield>
  <datafield tag="300" ind1=" " ind2=" ">
    <subfield code="a">2 v. (1072p.)</subfield>
    <subfield code="c">24 cm.</subfield>
  </datafield>
  <datafield tag="490" ind1="0" ind2=" ">
    <subfield code="a">Dhakh&#x101;&#x2BC;ir al-&#x2BB;Arab,  37</subfield>
  </datafield>
  <datafield tag="600" ind1="0" ind2="0">
    <subfield code="a">Ghazz&#x101;l&#x12B;,</subfield>
    <subfield code="d">1058-1111.</subfield>
    <subfield code="t">Tah&#x101;fut al-fal&#x101;sifah.</subfield>
  </datafield>
  <datafield tag="999" ind1=" " ind2=" ">
    <subfield code="c">47519</subfield>
    <subfield code="d">47519</subfield>
  </datafield>
</record>
